书目信息 |
| 题名: |
中国民间剪纸艺术史话
|
|
| 作者: | 王树村 著 | |
| 分册: | ||
| 出版信息: | 天津 百花文艺出版社 2007.05 |
|
| 页数: | 372页 | |
| 开本: | ||
| 丛书名: | ||
| 单 册: | ||
| 中图分类: | J528.1-092 | |
| 科图分类: | ||
| 主题词: | 工艺美术--中国 | |
| 电子资源: | ||
| ISBN: | 978-7-5306-4684-7 | |
| 000 | 00477nam0 2200181 45 | |
| 005 | 20081013150808.10 | |
| 010 | @a978-7-5306-4684-7@dCNY48.00 | |
| 092 | @bLR | |
| 102 | @aCN@b120000 | |
| 200 | 1 | @a中国民间剪纸艺术史话@f王树村著@Fwang shu cun zhu |
| 210 | @a天津@c百花文艺出版社@d2007.05 | |
| 215 | @a372页 | |
| 606 | 0 | @a工艺美术@x中国 |
| 690 | @aJ528.1-092@v4 | |
| 701 | 0 | @a王树村@Awang shu cun@4著 |
| 801 | 0 | @c20081013 |
| 905 | @dJ528.1-092@eW350@f3 | |
| 906 | @cLR@dCNY48.00@n0@r1 | |
| 中国民间剪纸艺术史话/王树村著.-天津:百花文艺出版社,2007.05 |
| 372页 |
| ISBN 978-7-5306-4684-7:CNY48.00 |
| ● |
| 相关链接 |
|
|
|
正题名:中国民间剪纸艺术史话
索取号:J528.1-092/W350
 
预约/预借
| 序号 | 登录号 | 条形码 | 馆藏地/架位号 | 状态 | 备注 |
| 1 | 841820 | 208418201 | 社科库309/309社科库 89排2列5层/ [索取号:J528.1-092/W350] | 在馆 | |
| 2 | 841821 | 208418210 | 社科库309/309社科库 89排2列5层/ [索取号:J528.1-092/W350] | 在馆 | |
| 3 | 841822 | 208418229 | 社科库309/309社科库 89排2列5层/ [索取号:J528.1-092/W350] | 在馆 |